Revista crt̕ica de humanidades

Bibliographic Details
Format: eBook
Language:Portuguese
Published: Salvador de Baha̕: Universidade Catl̤ica do Salvador - UCSAL, 2003 -
Subjects:
Online Access:Acceso restringido

MARC

LEADER 00000nam a22000007a 4500
005 20191024225059.0
007 cr|||| ||||
008 191024c20039999br tr|w s|||| 0|||b1por d
022 |a 2447-861X 
035 |a 23848 
040 |a vLex 
090 |c 9960  |d 9960 
245 0 0 |a Revista crt̕ica de humanidades  |h [Recurso electrn̤ico] / 
256 |a Servicio en ln̕ea 
260 |a Salvador de Baha̕:  |b Universidade Catl̤ica do Salvador - UCSAL,  |c 2003 - 
300 |a 1 recurso electrn̤ico 
310 |a Cuatrimestral 
506 1 |a Disponible solo en los productos indicados  |d vLex Global  |d vLex Global (Academic Edition, excluding Law Schools)  |d vLex Global (U.S. Academic Edition, Law Schools)  |d vLex Global (U.S. Academic Edition, excluding Law Schools)  |d vLex Global (Academic Edition, Law Schools) 
650 0 4 |a Ciencias sociales  |z Brasil 
740 0 |a vLex Revistas (Servicio en ln̕ea) 
856 4 0 |u http://vlex.com/source/revista-critica-humanidades-23848  |z Acceso restringido 
942 |c REV 
999 0 |a Social Sciences